[Event "Subang Jaya op 12th"]
[Site "Subang Jaya"]
[Date "2024.01.28"]
[Round "8"]
[White "Sinnapar, Aghalya Tianna"]
[Black "Mohd Ibrahim, Muhd Idris"]
[Result "1-0"]
[WhiteElo "1214"]
[BlackElo "1028"]
[PlyCount "74"]
[EventDate "2024.01.27"]
[EventType "swiss"]
[EventRounds "8"]
[EventCountry "MAS"]
[SourceTitle "CB06_2024"]
[SourceDate "2024.02.07"]
[SourceVersion "1"]
[SourceVersionDate "2024.02.07"]
[SourceQuality "1"]

1. d4 d5 2. Bf4 Bf5 3. c4 Nc6 4. e3 e6 5. Nf3 Nf6 6. c5 Be7 7. Bb5 Qd7 8. Ne5 Qc8 9. Nxc6 bxc6 10. Bxc6+ Kd8 11. Bxa8 Qxa8 12. Nc3 Kd7 13. Qa4+ c6 14. b4 Ne4 15. Nxe4 Bxe4 16. 0-0 Bd3 17. Rfd1 Bc4 18. Qc2 h5 19. h3 g5 20. Bh2 g4 21. hxg4 hxg4 22. a4 Qf8 23. Bf4 f5 24. f3 gxf3 25. gxf3 Qg8+ 26. Qg2 Qf7 27. Qb2 Qh5 28. Qg2 Qf7 29. Bg3 Rg8 30. Qh2 f4 31. exf4 Qxf4 32. Kf2 Qf7 33. Ra3 Qg6 34. Rd2 Bg5 35. b5 Qb1 36. bxc6+ Kxc6 37. Qg1 Qb4 1-0